[Event "28th Czech Open A 2017"]
[Site "Pardubice CZE"]
[Date "2017.07.27"]
[Round "7.97"]
[White "Chovan, Milan"]
[Black "Tatarintsev, Egor"]
[Result "1/2-1/2"]
[WhiteTitle "FM"]
[WhiteElo "2269"]
[BlackElo "2023"]
[WhiteFideId "14933691"]
[BlackFideId "34126519"]
[EventDate "2017.07.21"]

1. d4 e6 2. e4 d5 3. Nc3 dxe4 4. Nxe4 Bd7 5. Nf3 Bc6 6. Bd3 Nd7 7. O-O Ngf6 8.
Ng3 Bxf3 9. Qxf3 c6 10. b3 Qa5 11. a3 Be7 12. Bb2 O-O 13. c4 Rad8 14. Rad1 Rfe8
15. b4 Qc7 16. Rfe1 a5 17. Bc3 axb4 18. axb4 Ra8 19. Ra1 Bf8 20. Ne4 Nxe4 21.
Bxe4 g6 22. g3 Bg7 23. Rec1 Nb6 24. Qd3 Na4 25. Bd2 Red8 26. Be3 c5 27. Qb3 cxd4
28. Bf4 e5 29. Bg5 Nc3 30. Bxd8 Rxd8 31. Rxc3 dxc3 32. Rc1 Rd4 33. Bd5 e4 34.
Rd1 Qb6 35. Rxd4 Qxd4 36. Qc2 e3 37. fxe3 Qxe3+ 38. Kg2 Qd2+ 39. Qxd2 cxd2 40.
Bf3 Bc3 41. b5 b6 42. Kf1 Bb4 43. Ke2 Kf8 44. c5 Bxc5 45. Kxd2 Ke7 46. Ke2 Kd6
47. Bc6 Ke5 48. Kf3 f5 49. h3 g5 50. g4 f4 51. Be4 h6 52. Bc6 Kd4 53. Be4 Kc3
54. Bc6 Kd2 55. Bd5 Kd3 1/2-1/2

[Event "28th Czech Open A 2017"]
[Site "Pardubice CZE"]
[Date "2017.07.27"]
[Round "7.98"]
[White "Jayaram, R."]
[Black "Shailesh, Dravid"]
[Result "1/2-1/2"]
[WhiteElo "1955"]
[BlackElo "2260"]
[WhiteFideId "5019915"]
[BlackFideId "25017969"]
[EventDate "2017.07.21"]

1. d4 Nf6 2. c4 g6 3. Nc3 d5 4. Nf3 Bg7 5. Qb3 dxc4 6. Qxc4 O-O 7. e4 Na6 8. Be2
c5 9. d5 e6 10. O-O exd5 11. exd5 Bf5 12. Bg5 h6 13. Bh4 Re8 14. Rad1 Qd7 15.
Rd2 Ne4 16. Nxe4 Rxe4 17. Qb5 Rae8 18. Bc4 Nc7 19. Qxd7 Bxd7 20. d6 Ne6 21. Bd5
Rb4 22. b3 g5 23. Bg3 Nd4 24. Nxd4 Rxd4 25. Rxd4 Bxd4 26. h4 Kg7 27. Kh2 b5 28.
f4 g4 29. Re1 Rxe1 30. Bxe1 Kf6 31. Ba5 Kf5 32. g3 f6 33. Kg2 c4 34. bxc4 bxc4
35. Bxc4 Bc5 36. Bc7 Ba3 37. Bd3+ Ke6 38. Bc4+ Kf5 39. Bd3+ Ke6 40. Bc4+ Kf5 1/2-1/2

[Event "28th Czech Open A 2017"]
[Site "Pardubice CZE"]
[Date "2017.07.27"]
[Round "7.99"]
[White "Zvara, Petr"]
[Black "Patil, Mitali Madhukar"]
[Result "1-0"]
[WhiteTitle "IM"]
[BlackTitle "WFM"]
[WhiteElo "2370"]
[BlackElo "1928"]
[WhiteFideId "304000"]
[BlackFideId "5021391"]
[EventDate "2017.07.21"]

1. e4 d5 2. exd5 Nf6 3. d4 Bg4 4. Be2 Bxe2 5. Qxe2 Qxd5 6. Nf3 e6 7. O-O Nc6 8.
Nc3 Qh5 9. Bf4 Bd6 10. Bxd6 cxd6 11. Nb5 O-O-O 12. c4 Rhe8 13. c5 dxc5 14. dxc5
Qxc5 15. Rac1 Qb6 16. Ne5 Re7 17. Rc3 Rd5 18. Nxc6 bxc6 19. Na3 Kd8 20. Nc4 Qc7
21. Re1 Nd7 22. b4 c5 23. Ne3 Re5 24. bxc5 Nxc5 25. Rec1 Qb6 26. Qg4 f6 27. Nc4
Re4 28. Qd1+ Rd7 29. Nxb6 Rxd1+ 30. Rxd1+ Ke8 31. Rxc5 axb6 32. Rc7 Ra4 33. g3
Rxa2 34. Rdd7 b5 35. Rxg7 Kf8 36. Rxh7 Ra1+ 37. Kg2 1-0

[Event "28th Czech Open A 2017"]
[Site "Pardubice CZE"]
[Date "2017.07.27"]
[Round "7.100"]
[White "Roinos, Ilias"]
[Black "Heidrich, Manfred"]
[Result "0-1"]
[BlackTitle "FM"]
[WhiteElo "2206"]
[BlackElo "2366"]
[WhiteFideId "4232402"]
[BlackFideId "4602722"]
[EventDate "2017.07.21"]

1. e4 c5 2. Nf3 Nf6 3. Nc3 Nc6 4. e5 Ng4 5. Qe2 f6 6. exf6 Nxf6 7. d4 cxd4 8.
Nb5 d6 9. Bg5 Bg4 10. O-O-O Qd7 11. h3 Bh5 12. g4 Bf7 13. Nfxd4 O-O-O 14. Bg2
Kb8 15. Nxc6+ bxc6 16. Nd4 Rc8 17. Qa6 Bd5 18. Bxd5 Nxd5 19. c4 Nb6 20. Rhe1 Qb7
21. Qxb7+ Kxb7 22. c5 Nd5 23. Nf5 dxc5 24. Bxe7 Nxe7 25. Nxe7 Rc7 26. Nf5 g6 27.
Nd6+ Bxd6 28. Rxd6 Rf8 29. Re2 Rf3 30. Rc2 Kb6 31. Rd8 Rcf7 32. Rb8+ Kc7 33. Ra8
Kb7 34. Rh8 Rxh3 35. Kd1 Rh4 36. Ke1 Rxg4 37. Kf1 c4 38. Re2 Rgf4 39. Rhe8 Kb6
40. R8e7 Rxf2+ 41. Rxf2 Rxe7 42. Kg2 a5 43. Kg3 Kc5 44. Rd2 a4 45. a3 Re3+ 46.
Kf4 Rb3 47. Rh2 c3 48. bxc3 Rxa3 49. Rxh7 Rxc3 50. Ke4 Kc4 51. Ra7 a3 52. Ra6 c5 0-1

[Event "28th Czech Open A 2017"]
[Site "Pardubice CZE"]
[Date "2017.07.27"]
[Round "7.101"]
[White "Lyell, Mark"]
[Black "Havelka, Josef"]
[Result "1/2-1/2"]
[WhiteTitle "FM"]
[BlackTitle "FM"]
[WhiteElo "2204"]
[BlackElo "2326"]
[WhiteFideId "402354"]
[BlackFideId "361097"]
[EventDate "2017.07.21"]

1. e4 c5 2. Nc3 a6 3. g3 b5 4. Bg2 Bb7 5. f4 e6 6. d3 d6 7. Qe2 Nc6 8. Nf3 Nd4
9. Qf2 Nxf3+ 10. Bxf3 Ne7 11. O-O b4 12. Ne2 Nc6 13. Be3 Be7 14. c3 O-O 15. d4
bxc3 16. bxc3 cxd4 17. cxd4 Nb4 18. Rab1 d5 19. e5 Bc6 20. Bd2 Rb8 21. Nc3 Qd7
22. Be2 f6 23. a3 Nc2 24. Rxb8 Rxb8 25. Bd3 Nxa3 26. f5 fxe5 27. fxe6 Qxe6 28.
Bf5 Qd6 29. dxe5 Qc5 30. Be3 Qxc3 31. Rc1 Qxe5 32. Rxc6 Rf8 33. Be6+ Kh8 34. Bd4
Qb8 35. Qb2 Qxb2 36. Bxb2 Nc4 37. Bd4 Nd2 38. Bxd5 Rd8 39. Bb6 Rxd5 40. Rc8+ Bd8
41. Bxd8 h6 42. Ra8 Kh7 43. Bc7 Nf3+ 44. Kg2 Ne1+ 45. Kf1 Nf3 46. Kg2 Ng5 47.
Rxa6 Rd2+ 48. Kh1 Nh3 49. Ra7 Nf2+ 50. Kg1 Ng4 51. h3 Nf2 52. Be5 Nxh3+ 53. Kf1
Kg6 54. Rxg7+ Kf5 55. Bc7 Ng5 56. Bf4 Ra2 57. Rb7 Kg4 58. Rb6 Ne4 59. Bxh6 Nxg3+
60. Ke1 Ne4 61. Rb4 Kf3 62. Rb3+ Kg2 63. Bg7 Nf2 64. Bd4 Ne4 1/2-1/2

[Event "28th Czech Open A 2017"]
[Site "Pardubice CZE"]
[Date "2017.07.27"]
[Round "7.102"]
[White "Matta, Vinay Kumar"]
[Black "Kolotilina, Liudmila"]
[Result "1/2-1/2"]
[WhiteTitle "FM"]
[BlackTitle "WFM"]
[WhiteElo "2326"]
[BlackElo "2205"]
[WhiteFideId "5016649"]
[BlackFideId "32099568"]
[EventDate "2017.07.21"]

1. e4 c5 2. Ne2 Nf6 3. Nbc3 d5 4. exd5 Nxd5 5. d4 Nxc3 6. bxc3 e6 7. Be3 Qa5 8.
Qd2 Nc6 9. g3 cxd4 10. cxd4 Qd5 11. Rg1 Bb4 12. c3 Ba5 13. Nf4 Qd6 14. Bd3 e5
15. dxe5 Qxe5 16. Rc1 O-O 17. Kf1 Bg4 18. Qc2 h6 19. h3 Bf3 20. g4 Rac8 21. Qb3
Nd4 22. Qa3 Bxc3 23. Rxc3 Nb5 24. Rc5 Qxf4 25. Bxb5 Qh2 26. Rxc8 Rxc8 27. Bxa7
Qxh3+ 28. Ke1 Qh2 29. Rg3 Qh1+ 30. Bf1 Re8+ 31. Be3 Rd8 32. Bd4 Re8+ 33. Be3 Rd8 1/2-1/2

[Event "28th Czech Open A 2017"]
[Site "Pardubice CZE"]
[Date "2017.07.27"]
[Round "7.103"]
[White "Flak, Pawel"]
[Black "Strebkovs, Andrejs"]
[Result "1-0"]
[BlackTitle "IM"]
[WhiteElo "2204"]
[BlackElo "2321"]
[WhiteFideId "1117548"]
[BlackFideId "11601310"]
[EventDate "2017.07.21"]

1. d4 Nf6 2. c4 g6 3. Nc3 Bg7 4. e4 O-O 5. Be3 c6 6. f3 d5 7. cxd5 cxd5 8. e5
Nfd7 9. Qd2 Nb6 10. b3 Nc6 11. f4 f6 12. Nf3 Bg4 13. Be2 Bxf3 14. Bxf3 fxe5 15.
fxe5 e6 16. O-O a6 17. Bg5 Qd7 18. a4 a5 19. h4 Ne7 20. Ne2 Nbc8 21. h5 Re8 22.
Nf4 h6 23. Bxe7 Nxe7 24. hxg6 Rf8 25. Bg4 Ra6 26. Qd3 Rb6 27. Nxe6 h5 28. Rxf8+
Bxf8 29. Bh3 Rxe6 30. Qf3 Nxg6 31. Qf5 Kg7 32. Rf1 Bb4 33. Qxe6 Qxe6 34. Bxe6
Bc3 35. Bxd5 Bxd4+ 36. Kh1 Nxe5 37. Bxb7 Nd3 38. g3 Nc5 39. Bd5 Kg6 40. Kg2 Kg5
41. Rf4 Be3 42. Rc4 Nd7 43. Re4 Bd2 44. Bf7 Nf6 45. Re5+ Kh6 46. Rf5 Bc3 47. Kh3
Ne4 48. Rxh5+ Kg7 49. Bc4 Kf6 50. Rd5 Be1 51. Kg2 Bb4 52. Kf3 Nd2+ 53. Ke3 Nb1
54. Rb5 Be1 55. Kd3 Na3 56. Rd5 Ke6 57. g4 Kf6 58. Rf5+ Kg6 59. Ke2 Bb4 60. Bd3
Kh6 61. Kd1 Bc3 62. Kc1 Kg7 63. Rc5 Be1 64. Kb2 Bb4 65. Rc1 Kf6 66. Ra1 Kg5 67.
Bf5 Kf4 68. Rxa3 1-0

[Event "28th Czech Open A 2017"]
[Site "Pardubice CZE"]
[Date "2017.07.27"]
[Round "7.104"]
[White "Hollan, Petr"]
[Black "Aditya, Mittal"]
[Result "1/2-1/2"]
[WhiteTitle "FM"]
[BlackTitle "CM"]
[WhiteElo "2317"]
[BlackElo "2203"]
[WhiteFideId "360945"]
[BlackFideId "35042025"]
[EventDate "2017.07.21"]

1. d4 d5 2. c4 c6 3. Nc3 Nf6 4. Nf3 e6 5. g3 Nbd7 6. Bg2 b6 7. O-O Bb7 8. Bf4
Be7 9. Qc2 O-O 10. Rfe1 Nh5 11. Rac1 Nxf4 12. gxf4 Bd6 13. e3 Qe7 14. a3 Rfc8
15. cxd5 cxd5 16. Bf1 a6 17. Qd2 b5 18. a4 b4 19. Ne2 Nb6 20. b3 a5 21. Ne5 f6
22. Nd3 Rxc1 23. Rxc1 Rc8 24. Bh3 f5 25. Ne5 Rxc1+ 26. Nxc1 Qc7 27. Bf1 Bxe5 28.
fxe5 Qc8 29. Nd3 Ba6 30. Nc5 Bxf1 31. Kxf1 Nd7 32. Nxd7 Qxd7 33. Qc2 Qa7 34. Qc6
Kf7 35. Ke2 Ke7 36. Qc8 1/2-1/2

[Event "28th Czech Open A 2017"]
[Site "Pardubice CZE"]
[Date "2017.07.27"]
[Round "7.105"]
[White "Tuomainen, Felix"]
[Black "Semjonovs, Ilja"]
[Result "0-1"]
[WhiteTitle "FM"]
[WhiteElo "2294"]
[BlackElo "2198"]
[WhiteFideId "1720813"]
[BlackFideId "11604263"]
[EventDate "2017.07.21"]

1. d4 Nf6 2. c4 c5 3. d5 b5 4. cxb5 a6 5. bxa6 g6 6. Nc3 Bg7 7. e4 O-O 8. a7
Rxa7 9. Nf3 Qa5 10. Bd2 Ba6 11. Nb5 Qb6 12. Nxa7 Nxe4 13. Bxa6 Nxa6 14. O-O Qxa7
15. Qc2 f5 16. Bc3 Bh6 17. Rad1 Nc7 18. b3 d6 19. Bd2 Nxd2 20. Nxd2 Nxd5 21. Qc4
e6 22. Rfe1 Qf7 23. a4 Bg7 24. Nf3 h6 25. Qc2 g5 26. Nd2 Nb4 27. Qc4 d5 28. Qxc5
Nd3 29. Qc6 Nxe1 30. Rxe1 e5 31. b4 e4 32. b5 f4 33. Nxe4 dxe4 34. Qxe4 Qa7 35.
h4 gxh4 36. Qc4+ Kh8 37. Re6 Qf7 38. a5 f3 39. gxf3 Qxf3 40. Qe2 Qf4 41. Re8 h3
42. Rxf8+ Bxf8 43. Qe3 Qa4 44. Qg3 Qd1+ 45. Kh2 Bd6 46. f4 Qf1 47. Qc3+ Kh7 48.
Qc2+ Kg7 49. Qc3+ Kf7 50. Qb3+ Kf8 0-1

[Event "28th Czech Open A 2017"]
[Site "Pardubice CZE"]
[Date "2017.07.27"]
[Round "7.106"]
[White "Paprocki, Jaroslaw"]
[Black "Kutynec, Vladimir"]
[Result "0-1"]
[BlackTitle "IM"]
[WhiteElo "2192"]
[BlackElo "2293"]
[WhiteFideId "1122274"]
[BlackFideId "4119843"]
[EventDate "2017.07.21"]

1. e4 c5 2. Nf3 Nc6 3. d4 cxd4 4. Nxd4 g6 5. Nc3 Bg7 6. Be3 Nf6 7. Bc4 O-O 8. f3
Qb6 9. O-O Qxb2 10. Ncb5 Qb4 11. Be2 Qa5 12. c4 Nxd4 13. Bxd4 d6 14. Rb1 Ne8 15.
a4 Nc7 16. Bf2 Ne6 17. Be1 Qd8 18. f4 a6 19. Nc3 Nc5 20. Bd3 Bg4 21. Qc2 Bd7 22.
f5 e6 23. Bg3 Bd4+ 24. Kh1 Be5 25. Bxe5 dxe5 26. f6 Kh8 27. Be2 Rg8 28. Rbd1 Qf8
29. Qc1 Bc6 30. Qg5 Nxe4 31. Nxe4 Bxe4 32. Qxe5 Bc6 33. Bf3 Bxa4 34. Bxb7 Bxd1
35. Bxa8 Bb3 36. Rf3 Bxc4 37. Be4 Bd5 38. Bxd5 Qc5 39. Qe2 Qxd5 40. Qxa6 Ra8 41.
Qf1 Qd4 42. Rb3 h5 43. Rb1 Ra5 44. Qc1 Kh7 45. Qc7 Ra7 46. Qc1 Qxf6 47. h3 Ra2
48. Qe1 Qd4 49. Kh2 Rb2 50. Ra1 Qd5 0-1

[Event "28th Czech Open A 2017"]
[Site "Pardubice CZE"]
[Date "2017.07.27"]
[Round "7.107"]
[White "Polajzer, Danilo"]
[Black "Krasnokutskaya, Sofiya"]
[Result "0-1"]
[WhiteTitle "IM"]
[WhiteElo "2291"]
[BlackElo "2177"]
[WhiteFideId "14600218"]
[BlackFideId "14150735"]
[EventDate "2017.07.21"]

1. Nf3 Nf6 2. c4 b6 3. g3 Bb7 4. Bg2 e6 5. Nc3 Be7 6. O-O O-O 7. Qc2 d5 8. cxd5
exd5 9. d3 c5 10. e4 d4 11. Nb1 Nc6 12. a3 Rc8 13. Bh3 Nd7 14. Nbd2 Ba6 15. b3
Rc7 16. Ne1 b5 17. a4 bxa4 18. Rxa4 Bb5 19. Ra1 Nb4 20. Qb1 f5 21. Nc4 fxe4 22.
dxe4 Nf6 23. Nd3 Nxe4 24. Nxb4 Nc3 25. Qd3 cxb4 26. Bf4 Rxf4 27. gxf4 Bd6 28.
Rfe1 Bxf4 29. Be6+ Kh8 30. Qf3 Qg5+ 31. Kf1 Bc6 32. Qh3 g6 33. Ra6 Bb5 34. Ra5
Kg7 35. Rxb5 Qxb5 36. Rd1 Qc6 37. f3 Re7 38. Re1 h5 39. Kf2 d3 40. Qh4 g5 0-1

[Event "28th Czech Open A 2017"]
[Site "Pardubice CZE"]
[Date "2017.07.27"]
[Round "7.108"]
[White "Sazonova, Anastasia"]
[Black "Gibicar, Danijel"]
[Result "0-1"]
[WhiteTitle "WFM"]
[BlackTitle "FM"]
[WhiteElo "2186"]
[BlackElo "2280"]
[WhiteFideId "24131008"]
[BlackFideId "24660256"]
[EventDate "2017.07.21"]

1. d4 Nf6 2. c4 c5 3. d5 b5 4. Qc2 bxc4 5. e4 e6 6. Nc3 Be7 7. Bxc4 exd5 8. exd5
d6 9. Nge2 O-O 10. O-O Nbd7 11. Ng3 Nb6 12. b3 Rb8 13. Re1 Nxc4 14. bxc4 Ng4 15.
Bf4 Bf6 16. h3 Be5 17. Bxe5 Nxe5 18. Nce4 f5 19. Nxc5 f4 20. Nf1 Qg5 21. Ne4
Nf3+ 22. Kh1 Nxe1 23. Rxe1 Qg6 24. f3 Bf5 25. Nfd2 Rfc8 26. Qc3 h6 27. Kh2 Rb6
28. Kh1 Rcb8 29. Nb3 Bxe4 30. fxe4 a5 31. Qxa5 f3 32. gxf3 Qg3 33. Rf1 Qxh3+ 34.
Kg1 Qg3+ 35. Kh1 Qh4+ 36. Kg2 R6b7 37. Rh1 Qg5+ 38. Kf2 Qf6 39. Qd2 Rb4 40. Rc1
Qe5 41. Ke3 Ra4 42. Qc3 Qg5+ 43. Kd3 Rxa2 44. Nd4 Rbb2 45. Rd1 Qf4 46. c5 dxc5
47. Qxc5 Rd2+ 48. Rxd2 Qxd2+ 49. Kc4 Ra4+ 50. Kb3 Qa2+ 51. Kc3 Ra3+ 52. Kb4 Qb2+ 0-1

[Event "28th Czech Open A 2017"]
[Site "Pardubice CZE"]
[Date "2017.07.27"]
[Round "7.109"]
[White "Richterova, Natasa"]
[Black "Haring, Filip"]
[Result "0-1"]
[WhiteTitle "WIM"]
[BlackTitle "FM"]
[WhiteElo "2184"]
[BlackElo "2278"]
[WhiteFideId "350591"]
[BlackFideId "14933080"]
[EventDate "2017.07.21"]

1. e4 c5 2. Nf3 e6 3. c4 Nc6 4. Nc3 Nf6 5. d4 cxd4 6. Nxd4 Bb4 7. Nxc6 bxc6 8.
e5 Ne4 9. Bd2 Nxd2 10. Qxd2 O-O 11. Be2 f6 12. exf6 Qxf6 13. O-O d5 14. a3 Ba5
15. b4 Bc7 16. Rad1 dxc4 17. g3 Ba6 18. Qc2 Qf5 19. Qxf5 exf5 20. Na4 Rae8 21.
Rfe1 Bb6 22. Rc1 Re4 23. Bf3 Rxe1+ 24. Rxe1 Rc8 25. Re5 Bd4 26. Re1 Bb5 27. Nc5
c3 28. Rd1 Re8 29. a4 c2 30. axb5 cxd1=Q+ 31. Bxd1 Bxc5 32. Bb3+ Kf8 33. bxc5
cxb5 34. c6 Rc8 35. Bd5 Ke7 36. Kf1 Kd6 37. Bf3 Rxc6 0-1

[Event "28th Czech Open A 2017"]
[Site "Pardubice CZE"]
[Date "2017.07.27"]
[Round "7.110"]
[White "Podvin, Francois-xavier"]
[Black "Strugnell, Carl"]
[Result "0-1"]
[BlackTitle "FM"]
[WhiteElo "2180"]
[BlackElo "2271"]
[WhiteFideId "677540"]
[BlackFideId "616753"]
[EventDate "2017.07.21"]

1. e4 e5 2. Nf3 Nc6 3. Bc4 Bc5 4. c3 Nf6 5. d3 a6 6. O-O Ba7 7. Nbd2 O-O 8. Bb3
d5 9. exd5 Nxd5 10. Ne4 Kh8 11. Re1 h6 12. Ng3 Be6 13. d4 exd4 14. Nxd4 Nxd4 15.
cxd4 Qf6 16. Re5 Rad8 17. Nh5 Qh4 18. Bxd5 Bxd4 19. g3 Bxf2+ 20. Kh1 Bxd5+ 0-1

[Event "28th Czech Open A 2017"]
[Site "Pardubice CZE"]
[Date "2017.07.28"]
[Round "8.1"]
[White "Krejci, Jan2"]
[Black "Gopal, G.N."]
[Result "1-0"]
[WhiteTitle "GM"]
[BlackTitle "GM"]
[WhiteElo "2519"]
[BlackElo "2580"]
[WhiteFideId "322156"]
[BlackFideId "5015693"]
[EventDate "2017.07.21"]

1. d4 Nf6 2. c4 g6 3. g3 c6 4. Bg2 d5 5. e3 Bg7 6. Ne2 O-O 7. O-O b6 8. Nd2 Bb7
9. b3 Nbd7 10. a4 c5 11. Ba3 e6 12. Rc1 Rc8 13. Nc3 Qc7 14. dxc5 bxc5 15. b4 Ba6
16. bxc5 Nxc5 17. Nb5 Bxb5 18. axb5 Qb6 19. cxd5 exd5 20. Qc2 Ncd7 21. Qxc8 Rxc8
22. Rxc8+ Bf8 23. Bxf8 Nxf8 24. Rc6 Qd8 25. Nb3 Ne6 26. Rd1 Kg7 27. Nd4 Nxd4 28.
Rxd4 Qa5 29. Bf1 Ne4 30. Rc2 Nf6 31. Kg2 h5 32. h4 Qe1 33. Be2 Qa5 34. Bd3 Qe1
35. Ra2 Ng4 36. Rxd5 Kh6 37. Rd4 f5 38. Rf4 Ne5 39. Bf1 Qb1 40. Rxa7 Qb2 41.
Raa4 Ng4 42. Kg1 Ne5 43. Rad4 Kg7 44. Kg2 Ng4 45. Rb4 Qd2 46. Kg1 Nxf2 47. Rbd4
Qxe3 48. Rd7+ Kh6 49. Rxf2 Qxg3+ 50. Bg2 Qe3 51. Rd2 Qb3 52. Rb2 Qd1+ 53. Kh2
Qd6+ 54. Kh1 Qb6 55. Bf3 f4 56. Kg2 g5 57. Rfc2 Kg7 58. hxg5 h4 59. Rb3 Qe6 60.
Rc7+ Kf8 61. Ra3 Qe1 62. Ra8+ 1-0

[Event "28th Czech Open A 2017"]
[Site "Pardubice CZE"]
[Date "2017.07.28"]
[Round "8.2"]
[White "Vogel, Roven"]
[Black "Laznicka, Viktor"]
[Result "1/2-1/2"]
[WhiteTitle "IM"]
[BlackTitle "GM"]
[WhiteElo "2475"]
[BlackElo "2669"]
[WhiteFideId "12908088"]
[BlackFideId "316385"]
[EventDate "2017.07.21"]

1. d4 f5 2. Nf3 Nf6 3. e3 g6 4. Be2 Bg7 5. O-O d6 6. b4 e5 7. dxe5 Ng4 8. Bb2
Nc6 9. Bb5 Bd7 10. Nbd2 Ngxe5 11. Bxc6 Bxc6 12. Nd4 Bd5 13. c4 Nxc4 14. Nxc4
Bxc4 15. Qc2 b5 16. Ne6 Bxe6 17. Bxg7 Rg8 18. Bb2 Kd7 19. Rfd1 Bc4 20. a4 a6 21.
Rd4 Re8 22. Qd1 Re6 23. Qf3 Rb8 24. axb5 axb5 25. Ra6 Qc8 26. Ra7 Rb6 27. Rd1
Ra6 28. Ra1 Rxa1+ 29. Bxa1 Re4 30. Bd4 Kc6 31. Qd1 Qg8 32. Qa1 Re8 33. h3 Qd5
34. Bb6 Rc8 35. Ba5 Qe5 36. Qd1 Qe4 37. Qa1 Qe5 38. Qd1 Kd7 39. Qf3 Qa1+ 40. Kh2
Qe5+ 41. Kg1 Bd5 42. Qe2 Bc6 43. Kh1 Qd5 44. f3 Bb7 45. e4 Qc6 46. exf5 gxf5 47.
Qd3 Rf8 48. Qd4 Re8 49. Qg7+ Re7 50. Qg5 Qd5 51. Kh2 Rf7 52. Kh1 Kc6 53. Qd8 Qe6
54. Qb8 Qc8 55. Rxb7 Qxb7 56. Qe8+ Rd7 57. g4 Qa7 58. gxf5 d5 59. f6 Qf2 60.
Qa8+ Kd6 61. Qf8+ Kc6 62. Qa8+ Kd6 63. Qf8+ Kc6 1/2-1/2

[Event "28th Czech Open A 2017"]
[Site "Pardubice CZE"]
[Date "2017.07.28"]
[Round "8.3"]
[White "Gupta, Abhijeet"]
[Black "Noe, Christopher"]
[Result "1/2-1/2"]
[WhiteTitle "GM"]
[BlackTitle "IM"]
[WhiteElo "2625"]
[BlackElo "2451"]
[WhiteFideId "5010608"]
[BlackFideId "24692018"]
[EventDate "2017.07.21"]

1. d4 d5 2. Bf4 c5 3. e3 Nf6 4. Nf3 Nc6 5. Nbd2 e6 6. c3 Bd6 7. Bg3 O-O 8. Bb5
a6 9. Bxc6 bxc6 10. Qa4 Bxg3 11. hxg3 Qb6 12. Qc2 Rb8 13. Rb1 g6 14. b4 cxd4 15.
cxd4 e5 16. Nxe5 Bf5 17. Nd3 a5 18. O-O axb4 19. Nb3 Bxd3 20. Qxd3 Ne4 21. Rbc1
Ra8 22. Rc2 Ra3 23. Qe2 Nc3 24. Qg4 Rxa2 25. Rxa2 Nxa2 26. Ra1 Nc3 27. Qd7 Qb5
28. Qa7 Qd3 29. Nc5 Ne2+ 30. Kh2 Qf5 31. Qe7 Qxf2 32. Nd7 Qxg3+ 33. Kh1 Rc8 34.
Rf1 g5 35. Qxf7+ Kh8 36. Qf6+ Kg8 37. Qe6+ Kh8 38. Qf6+ Kg8 39. Qe6+ Kh8 40.
Qf6+ 1/2-1/2

[Event "28th Czech Open A 2017"]
[Site "Pardubice CZE"]
[Date "2017.07.28"]
[Round "8.4"]
[White "Nihal, Sarin"]
[Black "Lintchevski, Daniil"]
[Result "1/2-1/2"]
[WhiteTitle "FM"]
[BlackTitle "GM"]
[WhiteElo "2471"]
[BlackElo "2562"]
[WhiteFideId "25092340"]
[BlackFideId "4171055"]
[EventDate "2017.07.21"]

1. d4 d5 2. Nf3 Nf6 3. c4 dxc4 4. e3 e6 5. Bxc4 c5 6. Qe2 a6 7. dxc5 Bxc5 8. O-O
Nc6 9. e4 b5 10. Bb3 Nd4 11. Nxd4 Qxd4 12. Nc3 Qe5 13. Kh1 Bb7 14. f4 Qh5 15.
Qxh5 Nxh5 16. f5 e5 17. Nd5 Rc8 18. Bg5 h6 19. Bh4 Bxd5 20. Bxd5 Be7 21. Bf2 O-O
22. Rac1 Nf4 23. Bb7 Rxc1 24. Rxc1 Nd3 25. Rc2 Rb8 26. Bd5 Nxf2+ 27. Rxf2 1/2-1/2

[Event "28th Czech Open A 2017"]
[Site "Pardubice CZE"]
[Date "2017.07.28"]
[Round "8.5"]
[White "Nasanjargal, Urtnasan"]
[Black "Lalith, Babu M R"]
[Result "0-1"]
[WhiteTitle "FM"]
[BlackTitle "GM"]
[WhiteElo "2381"]
[BlackElo "2530"]
[WhiteFideId "4900774"]
[BlackFideId "5024595"]
[EventDate "2017.07.21"]

1. Nf3 d5 2. d4 Nc6 3. e3 Bg4 4. h3 Bh5 5. Be2 e6 6. Nbd2 Nf6 7. a3 Be7 8. b4
O-O 9. O-O a5 10. b5 Na7 11. c4 dxc4 12. Bxc4 Nc8 13. Bb2 Nb6 14. Be2 a4 15. g4
Bg6 16. Ne5 Nfd5 17. Nxg6 hxg6 18. Ne4 Bd6 19. Bd3 f5 20. gxf5 gxf5 21. Nc5 Qh4
22. Qf3 e5 23. dxe5 Bxc5 24. Kh1 Rad8 25. Rg1 Nxe3 26. e6 Ng4 27. Bxf5 Rxf5 28.
Qxg4 Qxg4 29. Rxg4 g5 30. Rag1 Kf8 31. Rxg5 Rxg5 32. Rxg5 Bd4 33. Bc1 Ke7 34.
Bf4 Nd5 35. Bg3 Kxe6 36. Rg4 Nf6 0-1

[Event "28th Czech Open A 2017"]
[Site "Pardubice CZE"]
[Date "2017.07.28"]
[Round "8.6"]
[White "Geller, Jakov"]
[Black "Kaczur, Florian"]
[Result "1/2-1/2"]
[WhiteTitle "GM"]
[WhiteElo "2519"]
[BlackElo "2433"]
[WhiteFideId "4151984"]
[BlackFideId "705098"]
[EventDate "2017.07.21"]

1. Nf3 d5 2. g3 Bg4 3. Bg2 c6 4. O-O Nf6 5. c4 e6 6. cxd5 Bxf3 7. Bxf3 cxd5 8.
b3 Nc6 9. Bb2 Bd6 10. Nc3 O-O 11. Rc1 Rc8 12. Bg2 a6 13. e3 Qe7 14. Ba1 Ba3 15.
Rb1 Rfd8 1/2-1/2

[Event "28th Czech Open A 2017"]
[Site "Pardubice CZE"]
[Date "2017.07.28"]
[Round "8.7"]
[White "Tilicheev, Viacheslav"]
[Black "Das, Sayantan"]
[Result "1/2-1/2"]
[WhiteTitle "FM"]
[BlackTitle "IM"]
[WhiteElo "2497"]
[BlackElo "2399"]
[WhiteFideId "24114928"]
[BlackFideId "5034426"]
[EventDate "2017.07.21"]

1. Nf3 d5 2. d4 Nf6 3. c4 e6 4. g3 Bb4+ 5. Bd2 Be7 6. Bg2 O-O 7. O-O c6 8. Qc2
Nbd7 9. Rd1 b6 10. a4 Ba6 11. b3 Qc8 12. Na3 Ne4 13. Be1 f5 14. e3 g5 15. b4 g4
16. Ne5 Nxe5 17. dxe5 Bb7 18. h4 gxh3 19. Bxh3 c5 20. bxc5 Bxc5 21. cxd5 Bxd5
22. Bg2 Qb7 23. Nb5 Rac8 24. Qd3 Rfd8 25. Bxe4 fxe4 26. Qe2 Qg7 27. a5 Rf8 28.
axb6 Bxb6 29. Rac1 Rcd8 30. Nc3 Qxe5 31. Nxd5 exd5 32. Qg4+ Qg7 33. Qe6+ Qf7 34.
Qg4+ Qg7 35. Qe6+ 1/2-1/2

[Event "28th Czech Open A 2017"]
[Site "Pardubice CZE"]
[Date "2017.07.28"]
[Round "8.8"]
[White "Kislinsky, Alexey"]
[Black "Stocek, Jiri"]
[Result "1-0"]
[WhiteTitle "GM"]
[BlackTitle "GM"]
[WhiteElo "2479"]
[BlackElo "2590"]
[WhiteFideId "14108801"]
[BlackFideId "304760"]
[EventDate "2017.07.21"]

1. e4 g6 2. d4 Bg7 3. Nf3 d6 4. h3 Nf6 5. Nc3 O-O 6. Be3 a6 7. a4 b6 8. Bc4 e6
9. O-O Bb7 10. d5 exd5 11. exd5 Nbd7 12. Re1 Ne5 13. Nxe5 dxe5 14. Qd2 Re8 15.
Rad1 Qd6 16. Qe2 h5 17. Bg5 Nh7 18. Ne4 Qd7 19. Bh4 Kh8 20. d6 Bxe4 21. dxc7
Qxc7 22. Qxe4 f5 23. Qe2 f4 24. Bd5 Rac8 25. Be4 Re6 26. Qd3 Bf6 27. Bxf6+ Nxf6
28. Bxg6 Qc6 29. Qf5 Rg8 30. f3 e4 31. Rxe4 Rxe4 32. fxe4 f3 33. Rf1 Qc5+ 34.
Rf2 Qxf5 35. Bxf5 fxg2 36. Rxg2 Re8 37. Rg6 Nxe4 38. Rxb6 Nc5 39. Rh6+ Kg7 40.
Rxh5 Re1+ 41. Kf2 Re5 42. b3 Ne6 43. Bg4 Ng5 44. Kg3 Rc5 45. c4 a5 46. h4 Ne6
47. Rxc5 Nxc5 48. Bd1 1-0